000 01087cam a22003014a 4500
001 12250083
003 OSt
005 20151015124310.0
008 001205s2002 txua b 001 0 eng
010 _a 00111721
020 _a0030335612
040 _aDLC
_cDLC
_dDLC
042 _apcc
050 0 0 _aHG4026
_b.B669 2002
082 0 0 _a658.15
_221
100 1 _aBrigham, Eugene F.,
_d1930-
245 1 0 _aFinancial management :
_btheory and practice /
_cEugene F. Brigham, Michael C. Ehrhardt.
250 _a10th ed.
260 _aFort Worth, TX :
_bHarcourt College Publishers,
_cc2002.
300 _axxviii, 1051, [55] p. :
_bcol. ill. ;
_c27 cm. +
_e2 computer optical discs (4 3/4 in.)
440 4 _aThe Harcourt College Publishers series in finance
504 _aIncludes bibliographical references and index.
650 0 _aCorporations
_xFinance.
700 1 _aEhrhardt, Michael C.,
_d1955-
906 _a7
_bcbc
_corignew
_d2
_eepcn
_f20
_gy-gencatlg
942 _2lcc
_cBK
999 _c250740
_d250740